Т. 92, № 11; Вестник Российской академии наук

Bibliografische gegevens
Parent link:Вестник Российской академии наук=Herald of the Russian Academy of Sciences: научный и общественно-политический журнал/ Российская академия наук. Т. 92, № 11.— , 1992-2019, 2022-
Samenvatting:Режим доступа: по договору с организацией-держателем ресурса
Taal:Russisch
Gepubliceerd in: 2022
Online toegang:https://www.elibrary.ru/contents.asp?id=49787686
Formaat: Elektronisch Boek
KOHA link:https://koha.lib.tpu.ru/cgi-bin/koha/opac-detail.pl?biblionumber=588496

MARC

LEADER 00000nam2a2200000 4500
001 588496
005 20231101131519.0
035 |a (RuTPU)RU\TPU\prd\291212 
035 |a RU\TPU\prd\290491 
090 |a 588496 
100 |a 20221221a19319999k y0rusy50 ca 
101 0 |a rus 
102 |a RU 
181 0 |a i  
182 0 |a b 
200 0 |a Т. 92, № 11  |b Электронный ресурс 
203 |a Текст  |c электронный 
210 |d 2022 
333 |a Режим доступа: по договору с организацией-держателем ресурса 
461 1 |0 (RuTPU)RU\TPU\prd\578  |t Вестник Российской академии наук  |l Herald of the Russian Academy of Sciences  |o научный и общественно-политический журнал  |f Российская академия наук  |v Т. 92, № 11  |d 1992-2019, 2022- 
801 0 |a RU  |b 63413507  |c 20010227  |g PSBO 
801 1 |a RU  |b 63413507  |c 20170713 
801 2 |a RU  |b 63413507  |c 20221221  |g RCR 
856 4 0 |u https://www.elibrary.ru/contents.asp?id=49787686 
942 |c BK